| 000 | 01242nam a22003737a 4500 | ||
|---|---|---|---|
| 003 | CHAP | ||
| 005 | 20220329143727.0 | ||
| 008 | 110420s1986 mx a r 00010 spa d | ||
| 010 | _a100999 | ||
| 011 | _a101971 | ||
| 035 | _a112659 | ||
| 040 | _cCHAP | ||
| 082 | 0 | 4 |
_a581.097262 _bC47 |
| 100 | 1 |
_aCházaro, Miguel. _922815 |
|
| 245 | 1 | 3 |
_aLa vegetación _c/por Miguel Cházaro |
| 260 |
_aMéxico, D.F. : _bCentro de Ecodesarrollo, _c1986 |
||
| 300 |
_a97 p. : _bilus., gráfs. |
||
| 490 |
_aMedio Ambiente en Coatzacoalcos _v; 6 |
||
| 590 |
_aBATCH-UPD _b10 _c20130110 _lUCH01 _h1624 |
||
| 590 |
_aBATCH-UPD _b10 _c20130410 _lUCH01 _h1018 |
||
| 590 |
_aBATCH-UPD _b10 _c20130914 _lUCH01 _h0739 |
||
| 590 |
_aCONVERSION _b10 _c20130109 _lUCH01 _h1356 |
||
| 650 | 1 | 4 |
_aBotánica _xVeracruz. _914633 |
| 650 | 1 | 4 |
_aCrecimiento. _928871 |
| 650 | 1 | 4 |
_aEcología vegetal _xInvestigación. _935191 |
| 650 | 1 | 4 |
_aEcosistema. _935290 |
| 650 | 1 | 4 |
_aImpacto ambiental. _957465 |
| 650 | 1 | 4 |
_aMedio ambiente _xContaminación. _974069 |
| 650 | 1 | 4 |
_aPetróleo _xIndustria. _987665 |
| 830 | 0 |
_aMedio Ambiente en Coatzacoalcos _v; 6 _974121 |
|
| 901 | _aBK | ||
| 942 | _cLIBRO | ||
| 949 |
_a581.097262 C47 _bBC _cLIBRO _d33724002253644 _eLIBRO _h114731 _i112659 _sb |
||
| 999 |
_c100999 _d100999 |
||